000 00770nam a2200253Ia 4500
003 OSt
005 20220928130502.0
006 a|||||r|||| 00| 0
007 ta
008 220927b |||||||| |||| 00| 0 eng d
020 _cINR 899.00
024 _a133709
037 _b0406, 15/03/2017, Bookwell Publications
_cTextual
040 _aSDCL
_cSDCL
_beng
041 _2eng
_aeng
082 _aX:8, Q5 LR
100 _aGramm Jeff
_9474130
245 0 _aDear chairman
_b Boardroom battles and the rise of shareholder activism
260 _aNew York
_b Harper
_c2015
300 _axxi,291p.
_ccm.
650 _aReference
942 _hX:8, Q5 LR
_cTEXL
_2CC
999 _c786759
_d786759